Visualizzazione normale
Vista MARC
- Rouzaud
di Personal Name
Records bibliografici associati: 1
001 - CONTROL NUMBER
- control field: 12342
003 - CONTROL NUMBER IDENTIFIER
- control field: IT-RoPau
005 - DATE AND TIME OF LATEST TRANSACTION
- control field: 20140205224216.0
008 - FIXED-LENGTH DATA ELEMENTS
- fixed length control field: 140205|| aca||aabn | a|a d
040 ## - CATALOGING SOURCE
- Original cataloging agency: IT-RoPau
- Transcribing agency: IT-RoPau
100 ## - HEADING--PERSONAL NAME
- Personal name: Rouzaud
- Miscellaneous information: Codice autore SPICS: 14385
- Relator term: Autore
- Name of part/section of a work: La goulante du Pauvre Jean
670 ## - SOURCE DATA FOUND
- Source citation: Work cat.: (IT-RoPau)100059: AA.VV. 794, Prestige de Paris